Progressively Smaller Movies Quiz Stats

 Plays Quiz Updated May 14, 2019

Score 0/20 Timer 05:00
6 Plays Today
% Correct
Avatar
99.6%
Titanic
96.1%
The Lord of the Rings: The Fellowship of the Ring
92.7%
The Matrix Reloaded
91.3%
Pirates of the Caribbean: The Curse of the Black Pearl
91.1%
The Dark Knight
89.7%
The Hangover
87.2%
The Exorcist
87.1%
The Shawshank Redemption
86.7%
Fight Club
86.2%
% Correct
The Wizard of Oz
85.9%
Psycho
84.1%
Rain Man
79.1%
One Flew Over the Cuckoo's Nest
75.4%
Superbad
74.5%
Gone with the Wind
73.2%
Fargo
68.6%
Reservoir Dogs
66.8%
The Bridge on the River Kwai
64.5%
Chicago
60%

You're not logged in!

Compare scores with friends on all Sporcle quizzes.
OR
Log In

Show Comments

Extras

Top Quizzes Today


Score Distribution

Your Account Isn't Verified!

In order to create a playlist on Sporcle, you need to verify the email address you used during registration. Go to your Sporcle Settings to finish the process.

Report this User

Report this user for behavior that violates our Community Guidelines.

Details: